000 00632nam a2200193 i 4500
001 149518
003 ES-MaACL
005 20230906203134.0
007 t|
008 071023s1957 sp ||||1| spa d
100 1 _aVarenne.
_9113179
245 1 3 _aLa mujer, incógnita del hombre /
_cDr. Varenne, Gabrielle Salzi ; versión española de Rafael Thomas Mendaza.
260 _aMadrid :
_bCultura Clásica y Moderna,
_c1957.
300 _a193 p. ;
_c20 cm.
650 0 4 _aMujeres-
_xPsicología.
_915309
700 1 _aSalzi, Gabrielle.
_9102145
700 1 _aThomas Mendaza, Rafael.
_9110054
852 _aES-MaACL
_jC-13722
_bR.41490
999 _c149518
_d149518